000 01402nam a2200157 4500
001 6406
020 0 0 _a9786169128946
245 0 0 _aThe heart of a scared kingdom :
_bher Majesty the Royal grandmother Ashi Kesang Choeden Wangchuck :a lifetime of service to the people and the kingdom of Bhutan /
_c
_h
250 0 0 _a1st ed.
260 0 0 _aBangkok, Thailand ;
_bGatshel publishing.
_c2017.
300 0 0 _a221 p. : col. ill. ; 27 cm.
504 _aIncludes bibliographical references.
505 _aContents: Tribute to her Majesty the Royal grandmother / his Majesty the fourth Druk Gyalpo Jigme Singye Wangchuck / his holiness the 70th Je Khenpo of Bhutan Trulku Jigme Choedra. Preface: Her Royal highness Ashi Kesang Wangmo Wangchuck -- Childhood home and family -- Education -- Marriage and life in Bhutan -- Contributions to traditional arts and culture -- Contributions to education -- Contributions to healthcare and welfare -- Devotion to the dharma and spirituality -- On memory and elegance / Dzongsar Jamyang Khyentse Rinpoche -- Preservation of cultural and spiritual heritage -- Amazing grace / Nandini Mehta -- Long life prayer / His eminence Tsugla lopen Samten Dorji -- Long life prayer / His holiness Dilgo Khyentse Yangsi Rinpoche.
_g
_r
_t
600 _aAshi Kesang Choeden Wangchuck.
_b
_c
_d
_e
_f
_k
_l
_m
_n
_o
_p
_q
_r
_s
_t
_v
_x
_y
_z
_2
650 0 0 _aQueens -- Bhutan.
_x
999 _c5398
_d5398